Statistics for Coded Countries

Click here to take the quiz!

General Stats

  • This quiz has been taken 77 times
  • The average score is 10 of 16

Answer Stats

Hint Answer % Correct
3814Chad
100%
2015715Togo
78%
2514914Benin
77%
7185535Greece
77%
11514251Kenya
73%
21711441Uganda
70%
918117Iraq
67%
7113291Gambia
60%
14516112Nepal
53%
112751891Algeria
52%
135249315Mexico
50%
131124922519Maldives
48%
218113119Bahamas
45%
2512792113Belgium
45%
75181311425Germany
42%
1187514209141Argentina
28%

Score Distribution

Percentile by Number Answered

Percent of People with Each Score

Your Score History

You have not taken this quiz